[Event "Deutschnofen-Arci"]
[Site "?"]
[Date "2016.01.09"]
[Round "5.1"]
[White "Seresin, Francesco"]
[Black "Manca, Federico"]
[Result "1/2-1/2"]
[WhiteElo "1875"]
[BlackElo "2409"]
[PlyCount "133"]
[EventDate "2016.??.??"]

1. d4 Nf6 2. c4 e6 3. Nc3 Bb4 4. e3 O-O 5. Bd3 d5 6. Nf3 c5 7. O-O cxd4 8. exd4
dxc4 9. Bxc4 b6 10. Bg5 Bb7 11. Re1 Bxc3 12. bxc3 Nbd7 13. Rc1 Qc7 14. Bd3 h6
15. Bh4 Qf4 16. Bg3 Qg4 17. h3 Qh5 18. Ne5 Qxd1 19. Rexd1 Nxe5 20. Bxe5 Rac8
21. f3 Rfd8 22. Kf2 Nd5 23. c4 Nb4 24. Ke3 Nc6 25. Be4 Nxe5 26. Bxb7 Nxc4+ 27.
Ke2 Rb8 28. Be4 Nd6 29. Rc7 Nb5 30. Rc4 Rbc8 31. Rdc1 Rxc4 32. Rxc4 f5 33. Bd3
Nxd4+ 34. Ke3 Nb5 35. a4 Nd6 36. Rc7 Rc8 37. Rxa7 Nc4+ 38. Bxc4 Rxc4 39. Ra6
Kf7 40. Rxb6 Rxa4 41. g4 Kf6 42. gxf5 Kxf5 43. Kf2 Kf4 44. Rxe6 Ra2+ 45. Kg1
Kxf3 46. Rg6 Ra7 47. Kh2 Kf4 48. Kg2 Kf5 49. Rb6 Ra2+ 50. Kg3 Ra3+ 51. Kg2 Re3
52. Rb5+ Re5 53. Rb7 g5 54. Rh7 Kg6 55. Ra7 h5 56. Ra6+ Kf5 57. Rh6 h4 58. Ra6
Re2+ 59. Kh1 Kf4 60. Ra4+ Re4 61. Ra5 Re1+ 62. Kg2 Re2+ 63. Kh1 Re5 64. Ra3 Re3
65. Ra4+ Kf3 66. Rg4 Re5 67. Kh2 1/2-1/2

[Event "Deutschnofen-Arci"]
[Site "?"]
[Date "2016.01.09"]
[Round "5.2"]
[White "Rossi, Carlo"]
[Black "Olivetti, Davide"]
[Result "1-0"]
[WhiteElo "2284"]
[BlackElo "1972"]
[PlyCount "51"]
[EventDate "2016.??.??"]

1. e4 c6 2. Ne2 d5 3. e5 Bf5 4. Nd4 Bg6 5. e6 Nf6 6. c3 Qd6 7. Qe2 Na6 8. b3
fxe6 9. Ba3 Qd7 10. Nxe6 Ne4 11. Nf4 Bf7 12. f3 Nd6 13. d4 O-O-O 14. Nd3 Qe6
15. Ne5 Nb8 16. Nd2 Nd7 17. g3 Nxe5 18. dxe5 Nb5 19. Bb2 d4 20. cxd4 Nxd4 21.
Bxd4 Rxd4 22. Qe3 Qd5 23. Bc4 Rxc4 24. Nxc4 e6 25. Rd1 Bc5 26. Qf4 1-0

[Event "Deutschnofen-Arci"]
[Site "?"]
[Date "2016.01.09"]
[Round "5.3"]
[White "De Vita, Gianni"]
[Black "Micheli, Carlo"]
[Result "0-1"]
[WhiteElo "1908"]
[BlackElo "2239"]
[PlyCount "80"]
[EventDate "2016.??.??"]

1. e4 c5 2. c3 d6 3. d4 Nd7 4. Nf3 e6 5. Bd3 Ngf6 6. Qe2 Be7 7. Bf4 O-O 8. Nbd2
Re8 9. h3 g6 10. Bh2 Bf8 11. O-O e5 12. dxe5 dxe5 13. Rad1 Qc7 14. Bb1 Nh5 15.
Nc4 f6 16. Qd2 Nb6 17. Ne3 Be6 18. Qc2 Qf7 19. b3 c4 20. b4 a5 21. a3 axb4 22.
axb4 Ra3 23. Rc1 Rea8 24. Rfd1 Nf4 25. Qd2 Bh6 26. Kh1 Nd3 27. Bxd3 cxd3 28.
Qxd3 Nc4 29. Rc2 Nxe3 30. fxe3 Bb3 31. Rcd2 Bxd1 32. Rxd1 Rc8 33. Qb5 Raxc3 34.
Rd7 Rc1+ 35. Bg1 Qc4 36. Qxb7 Qc6 37. Qa7 Ra8 38. Qb7 Qxb7 39. Rxb7 Bxe3 40.
Kh2 Bf4+ 0-1

[Event "Deutschnofen-Arci"]
[Site "?"]
[Date "2016.01.09"]
[Round "5.4"]
[White "Thurner, Markus"]
[Black "Rinaldo, Gaetano"]
[Result "1-0"]
[WhiteElo "1874"]
[BlackElo "1669"]
[PlyCount "57"]
[EventDate "2016.??.??"]

1. e4 e6 2. d4 d5 3. exd5 Qxd5 4. Nf3 Nf6 5. Be2 Be7 6. O-O O-O 7. Nc3 Qd8 8.
Ne5 Nbd7 9. Bf3 c6 10. Re1 Nd5 11. Ne4 Qc7 12. Nxd7 Bxd7 13. c3 h6 14. Bd2 Rad8
15. Qc1 f5 16. Ng3 Kh7 17. a3 Bc8 18. Qc2 Bd6 19. Re2 Nf6 20. Rae1 Qf7 21. Nf1
g5 22. g3 Qg6 23. Ne3 h5 24. Nc4 Bb8 25. Ne5 Bxe5 26. Rxe5 Nd5 27. Bg2 Rde8 28.
Qc1 f4 29. Be4 1-0

[Event "Deutschnofen-Arci"]
[Site "?"]
[Date "2016.01.09"]
[Round "5.5"]
[White "Reyna Hernandez, Sandor"]
[Black "Gibitz, Othmar"]
[Result "1/2-1/2"]
[WhiteElo "1921"]
[BlackElo "1644"]
[PlyCount "50"]
[EventDate "2016.??.??"]

1. d4 Nf6 2. c4 e6 3. Nc3 d5 4. Bg5 Be7 5. Nf3 h6 6. Bh4 O-O 7. e3 c6 8. Rc1
Nbd7 9. cxd5 exd5 10. Bd3 Re8 11. O-O Nh5 12. Bxe7 Qxe7 13. a3 a5 14. Re1 Nhf6
15. e4 dxe4 16. Bxe4 Qd8 17. Bc2 Rxe1+ 18. Qxe1 Nb6 19. Bb3 Kf8 20. Ne5 Nbd5
21. Nxd5 cxd5 22. Ba4 Be6 23. f3 Qb6 24. Qd2 Qd8 25. Rc5 Kg8 1/2-1/2

[Event "Deutschnofen-Arci"]
[Site "?"]
[Date "2016.01.09"]
[Round "5.6"]
[White "Hofer, Alois"]
[Black "D'Ambrosio, Luca"]
[Result "0-1"]
[WhiteElo "1688"]
[BlackElo "1771"]
[PlyCount "50"]
[EventDate "2016.??.??"]

1. c4 c6 2. Nc3 d5 3. d4 Nf6 4. Bf4 dxc4 5. e4 b5 6. a3 e6 7. g3 Bb7 8. Bg2 Be7
9. Nge2 a6 10. O-O O-O 11. h3 Nbd7 12. Be3 e5 13. Qc2 Qc7 14. Rad1 Rfd8 15. g4
exd4 16. Nxd4 Bc5 17. f4 Nf8 18. Qf2 Rd7 19. g5 Ne8 20. f5 Rad8 21. g6 hxg6 22.
fxg6 Nxg6 23. Nce2 Qe5 24. h4 Nf6 25. h5 Qxh5 0-1

[Event "Bruneck-Gries"]
[Site "?"]
[Date "2016.01.09"]
[Round "5.1"]
[White "Spornberger, Maximilian"]
[Black "Luciani, Valerio"]
[Result "1-0"]
[WhiteElo "2338"]
[BlackElo "2149"]
[PlyCount "139"]
[EventDate "2016.??.??"]

1. e4 e6 2. d3 d5 3. Nd2 Nf6 4. Ngf3 dxe4 5. dxe4 Bc5 6. Be2 e5 7. O-O Qe7 8.
c3 a5 9. b3 Nc6 10. a3 O-O 11. Bb2 Rd8 12. Qc2 Nh5 13. Rfe1 Nf4 14. Bf1 Qf6 15.
b4 Bf8 16. Kh1 Bg4 17. Re3 Bh5 18. g3 Ne6 19. Bg2 Ng5 20. Rf1 Nxf3 21. Nxf3 Qd6
22. b5 Ne7 23. c4 f6 24. c5 Qd7 25. a4 c6 26. b6 Bg4 27. Qc3 Ng6 28. Rc1 Be7
29. Bf1 Nf8 30. Bc4+ Be6 31. Rd3 Qe8 32. Rxd8 Qxd8 33. Bxe6+ Nxe6 34. Qb3 Qc8
35. Nh4 g6 36. Nf5 Kf8 37. Nxe7 Kxe7 38. Rd1 Qg8 39. Bc3 Nxc5 40. Qa3 Qc4 41.
Rc1 Ke8 42. Ba1 Qxe4+ 43. f3 Qd3 44. Qxc5 Qxf3+ 45. Kg1 Rd8 46. Rf1 Rd1 47. Qf2
Qxf2+ 48. Kxf2 Rd2+ 49. Ke3 Ra2 50. Bc3 Ke7 51. Ra1 Rxh2 52. Bxa5 Rb2 53. Kd3
Rb3+ 54. Kc4 Rxg3 55. Bb4+ Kd7 56. Rd1+ Kc8 57. Be7 Rg4+ 58. Kc5 Rd4 59. Rxd4
exd4 60. Kxd4 f5 61. a5 Kb8 62. Ke5 Kc8 63. Bd6 h5 64. Kf6 c5 65. Bxc5 Kd7 66.
Kxg6 Kc6 67. Bf2 Kb5 68. Kxh5 Kxa5 69. Kg5 Kb5 70. Kxf5 1-0

[Event "Bruneck-Gries"]
[Site "?"]
[Date "2016.01.09"]
[Round "5.2"]
[White "Moling, Patrick"]
[Black "Spornberger, Andre"]
[Result "0-1"]
[WhiteElo "2094"]
[BlackElo "2158"]
[PlyCount "86"]
[EventDate "2016.??.??"]

1. e4 e6 2. d4 d5 3. Nd2 Nf6 4. e5 Nfd7 5. Bd3 c5 6. c3 Nc6 7. Ne2 cxd4 8. cxd4
f6 9. exf6 Nxf6 10. O-O Bd6 11. Nf3 Qc7 12. Bg5 O-O 13. Rc1 Nh5 14. Rc3 Rxf3
15. gxf3 Bxh2+ 16. Kg2 Nf4+ 17. Bxf4 Bxf4 18. Rh1 h6 19. Bc2 Qf7 20. Qd3 Bg5
21. f4 Bf6 22. a3 Bd7 23. b4 a6 24. Qd2 Kf8 25. Rg3 Rc8 26. Bg6 Qe7 27. Rc1 Na7
28. Rxc8+ Nxc8 29. Bb1 Nd6 30. Kg1 Qd8 31. Qc3 Nb5 32. Qd3 Qb6 33. f5 exf5 34.
Ba2 Qd6 35. a4 Nc7 36. Qb3 f4 37. Rc3 Bg4 38. Qc2 f3 39. Ng3 Bxd4 40. Nf5 Qg6
41. Ng3 Bf5 42. Rxf3 Qxg3+ 43. Rxg3 Bxc2 0-1

[Event "Bruneck-Gries"]
[Site "?"]
[Date "2016.01.09"]
[Round "5.3"]
[White "Niederstaetter, Harald"]
[Black "Glueck, Alexander"]
[Result "1-0"]
[WhiteElo "1952"]
[BlackElo "1942"]
[PlyCount "50"]
[EventDate "2016.??.??"]

1. d4 d5 2. Nf3 Nf6 3. e3 c6 4. Nbd2 Bf5 5. c4 e6 6. Nh4 Bg4 7. Qb3 Qc7 8. h3
Bh5 9. g4 Bg6 10. Nxg6 hxg6 11. Bg2 Nbd7 12. O-O Nxg4 13. Nf3 Ngf6 14. Ng5 Be7
15. Bd2 Ne4 16. Nxe4 dxe4 17. f3 exf3 18. Rxf3 Nf6 19. Raf1 Rh5 20. e4 Nxe4 21.
Bf4 Qb6 22. c5 Qa6 23. Qc2 Nf6 24. Re3 Qb5 25. Rb3 Qa4 {Rest unleserlich} 1-0

[Event "Bruneck-Gries"]
[Site "?"]
[Date "2016.01.09"]
[Round "5.4"]
[White "Peintner, Andreas"]
[Black "Zammarchi, Massimo"]
[Result "1/2-1/2"]
[WhiteElo "1915"]
[BlackElo "1939"]
[PlyCount "90"]
[EventDate "2016.??.??"]

1. d4 f5 2. Bg5 g6 3. h4 h6 4. Bf4 Bg7 5. Nf3 Nf6 6. Ne5 Nh5 7. Nxg6 Nxf4 8.
Nxf4 O-O 9. e3 d5 10. c4 c6 11. cxd5 cxd5 12. Nc3 e6 13. Bd3 Nc6 14. Rc1 a6 15.
Nh5 Qe7 16. a3 Bd7 17. f4 Be8 18. Nxg7 Qxg7 19. Qf3 Kh8 20. h5 Rc8 21. Kf2 Rg8
22. Ne2 Qf6 23. b4 Bf7 24. Qh3 Rg4 25. g3 Rcg8 26. Rhg1 R4g7 27. Bxa6 Nxb4 28.
axb4 bxa6 29. Qh4 Qxh4 30. gxh4 Rxg1 31. Nxg1 Rb8 32. Rb1 Bxh5 33. Ne2 Bxe2 34.
Kxe2 Kg7 35. h5 Rb5 36. Kd3 a5 37. Rg1+ Kf7 38. bxa5 Rxa5 39. Rg6 Ra2 40. Rxh6
Rh2 41. Rh7+ Kf6 42. Rh8 Kg7 43. Re8 Kf7 44. Rh8 Kg7 45. Re8 Kf7 1/2-1/2

[Event "Bruneck-Gries"]
[Site "?"]
[Date "2016.01.09"]
[Round "5.5"]
[White "Fongarolli, Diego"]
[Black "Niederkofler, Andreas"]
[Result "0-1"]
[WhiteElo "1936"]
[BlackElo "1797"]
[PlyCount "101"]
[EventDate "2016.??.??"]

1. e4 c5 2. Nf3 e6 3. d4 cxd4 4. Nxd4 Nf6 5. Nc3 d6 6. Bc4 a6 7. Bb3 Be7 8. O-O
O-O 9. f4 Qc7 10. f5 e5 11. Nf3 b5 12. Bg5 Bb7 13. Bxf6 Bxf6 14. Qd2 Nd7 15.
Rad1 Be7 16. Nd5 Bxd5 17. Bxd5 Rac8 18. Rf2 Nf6 19. h3 Qb6 20. c3 Rc5 21. Qe3
Bd8 22. Re2 Nxd5 23. exd5 Rc4 24. Kh2 Qxe3 25. Rxe3 Bb6 26. Re2 Rf4 27. Nd2
Rxf5 28. Ne4 Rd8 29. a4 bxa4 30. Ra1 Rf4 31. g3 Rf3 32. Rxa4 a5 33. Rc4 f5 34.
Ng5 Rd3 35. Rc6 Be3 36. Ne6 Rd7 37. c4 Rd2 38. Rxd2 Bxd2 39. Kg2 Kf7 40. Nc7 g5
41. Nb5 Bb4 42. Nc7 f4 43. Ne6 h6 44. Rc8 Be1 45. g4 e4 46. Rf8+ Kg6 47. Rxf4
gxf4 48. Nf8+ Kf7 49. Nxd7 f3+ 50. Kf1 Bg3 51. Nb8 0-1

[Event "Bruneck-Gries"]
[Site "?"]
[Date "2016.01.09"]
[Round "5.6"]
[White "Balzarini, Franco"]
[Black "Paulmichl, Martin"]
[Result "1-0"]
[WhiteElo "1792"]
[BlackElo "1922"]
[PlyCount "105"]
[EventDate "2016.??.??"]

1. d4 d5 2. Nf3 Bf5 3. e3 e6 4. Bd3 c6 5. Bxf5 exf5 6. Nbd2 Nf6 7. O-O Bd6 8.
b3 Nbd7 9. Bb2 O-O 10. c4 Re8 11. Re1 Ne4 12. a3 Qf6 13. Nf1 Qh6 14. Qd3 Ndf6
15. Ne5 dxc4 16. bxc4 Rad8 17. Qc2 Bxe5 18. dxe5 Ng4 19. Re2 Nxe5 20. f3 Nc5
21. Qxf5 Ned3 22. Bc3 Qe6 23. Qxe6 Rxe6 24. Rd1 Na4 25. Ba1 Red6 26. Red2 R6d7
27. e4 c5 28. Ne3 Nb6 29. Nd5 Nf4 30. g3 Ne6 31. Bc3 Kf8 32. Ne3 Nd4 33. Kf2 f6
34. Ba5 Nb3 35. Rxd7 Rxd7 36. Bxb6 Rxd1 37. Bxc5+ Nxc5 38. Nxd1 Ke7 39. Ke3 Kd6
40. Nc3 Ne6 41. f4 a6 42. h3 Nd8 43. Kd3 Nc6 44. g4 h6 45. Nd5 Kc5 46. h4 Kd6
47. h5 Ke6 48. Ne3 Kf7 49. Nf5 b6 50. Kc3 Nd8 51. Kd4 Nc6+ 52. Kd5 Na5 53. Nd6+
1-0

[Event "Naturns-Klausen"]
[Site "?"]
[Date "2016.01.09"]
[Round "5.1"]
[White "Schacher, Gerd"]
[Black "Mukic, Josko"]
[Result "1/2-1/2"]
[WhiteElo "2295"]
[BlackElo "2262"]
[PlyCount "53"]
[EventDate "2016.??.??"]

1. c4 f5 2. g3 Nf6 3. Bg2 e6 4. Nf3 Be7 5. O-O O-O 6. d3 d6 7. Nc3 e5 8. Rb1
Nc6 9. b4 Qe8 10. e3 Qh5 11. Nd2 Qh6 12. Nd5 Bd8 13. f4 Be6 14. Nxf6+ Bxf6 15.
b5 Nd8 16. Nf3 Nf7 17. Nd2 Rab8 18. Rb3 g5 19. fxe5 dxe5 20. Ra3 Be7 21. Rxa7
Bc5 22. Rxb7 Rxb7 23. Bxb7 Bxe3+ 24. Kh1 Rd8 25. Qe2 Bxd2 26. Bxd2 e4 27. Bd5
1/2-1/2

[Event "Naturns-Klausen"]
[Site "?"]
[Date "2016.01.09"]
[Round "5.2"]
[White "La Manna, Andrea"]
[Black "Seebacher, Reinhard"]
[Result "1-0"]
[WhiteElo "2172"]
[BlackElo "1911"]
[PlyCount "79"]
[EventDate "2016.??.??"]

1. d4 Nf6 2. c4 e5 3. dxe5 Ng4 4. Bf4 g5 5. Bg3 Nc6 6. Nf3 Bg7 7. Nc3 Ngxe5 8.
Nxe5 Nxe5 9. e3 d6 10. h4 g4 11. c5 O-O 12. cxd6 cxd6 13. Be2 h5 14. O-O Be6
15. Nd5 Ng6 16. Qd2 Rc8 17. Rad1 Rc5 18. Nc3 Bxc3 19. bxc3 Qf6 20. Qd4 Qxd4 21.
cxd4 Rc3 22. Bxd6 Rfc8 23. e4 Rc2 24. Bd3 Rxa2 25. d5 Bd7 26. e5 Nf4 27. e6
Nxe6 28. dxe6 Bxe6 29. Be5 b5 30. Rc1 Rd8 31. Rfd1 Bb3 32. Bh7+ Kxh7 33. Rxd8
Bc4 34. Ra1 Re2 35. Bg3 b4 36. Rxa7 b3 37. Rb8 Kg6 38. Rb6+ Kf5 39. Ra5+ Ke4
40. Re5+ 1-0

[Event "Naturns-Klausen"]
[Site "?"]
[Date "2016.01.09"]
[Round "5.3"]
[White "Seebacher, Michael"]
[Black "Unterthurner, Hans"]
[Result "1-0"]
[WhiteElo "1766"]
[BlackElo "1967"]
[PlyCount "101"]
[EventDate "2016.??.??"]

1. e4 e6 2. c4 d5 3. exd5 exd5 4. d4 Nf6 5. Nf3 Be7 6. Nc3 O-O 7. Be2 c6 8. O-O
Nbd7 9. Ne5 dxc4 10. Bxc4 Nb6 11. Bd3 Nbd5 12. Bg5 Nd7 13. Bxe7 Nxe7 14. Re1
Ng6 15. Qc2 Nf6 16. Rad1 Re8 17. Qb3 Qc7 18. Nxf7 Be6 19. Rxe6 Rxe6 20. Qxe6
Qxf7 21. Qxf7+ Kxf7 22. Bc4+ Ke7 23. f3 Rd8 24. Kf2 Nf4 25. g3 N4d5 26. a3 Kd6
27. Bxd5 Nxd5 28. Ne4+ Kc7 29. f4 Nf6 30. Kf3 Rd5 31. Nc3 Rd7 32. g4 h6 33. h4
a5 34. f5 b5 35. g5 hxg5 36. hxg5 Nd5 37. Nxd5+ Rxd5 38. Ke4 Rd7 39. b4 axb4
40. axb4 Re7+ 41. Kf4 Kd6 42. f6 gxf6 43. gxf6 Re2 44. Kf5 Rf2+ 45. Kg6 Ke6 46.
Re1+ Kd5 47. Re5+ Kxd4 48. Rc5 Rg2+ 49. Rg5 Ra2 50. f7 Ra8 51. Rc5 1-0

[Event "Naturns-Klausen"]
[Site "?"]
[Date "2016.01.09"]
[Round "5.5"]
[White "Schrott, Ernst"]
[Black "Gurschler, Gregor"]
[Result "1-0"]
[WhiteElo "1826"]
[BlackElo "1882"]
[PlyCount "45"]
[EventDate "2016.??.??"]

1. e4 d6 2. d4 Nf6 3. Nc3 g6 4. Be3 c6 5. f3 b5 6. Qd2 Nbd7 7. Nge2 e5 8. O-O-O
Qc7 9. h4 h5 10. Bg5 Be7 11. Kb1 Nb6 12. b3 b4 13. Na4 Nxa4 14. bxa4 Qa5 15.
dxe5 Qxe5 16. Bf4 Qa5 17. Bxd6 Bxd6 18. Qxd6 Be6 19. Qxc6+ Ke7 20. Qd6+ Ke8 21.
Nc1 Qxa4 22. Qe5 Ke7 23. Bb5 1-0

[Event "Naturns-Klausen"]
[Site "?"]
[Date "2016.01.09"]
[Round "5.4"]
[White "Gurschler, Thomas"]
[Black "Schrott, Johann"]
[Result "0-1"]
[WhiteElo "1810"]
[BlackElo "1812"]
[PlyCount "144"]
[EventDate "2016.??.??"]

1. d4 Nf6 2. Nf3 e6 3. Bf4 c5 4. e3 d5 5. c3 Nc6 6. Bd3 Bd6 7. Bxd6 Qxd6 8.
Nbd2 c4 9. Bc2 b5 10. a3 Bb7 11. O-O O-O 12. e4 dxe4 13. Nxe4 Nxe4 14. Bxe4
Rad8 15. Qc2 f5 16. Bxc6 Bxc6 17. Ne5 Bd5 18. Qd2 f4 19. f3 a5 20. Rfc1 a4 21.
Re1 Rf5 22. Qe2 Rdf8 23. Ng4 Qd8 24. Nf2 Qh4 25. Ne4 Rh5 26. h3 Rh6 27. Qf2 Qh5
28. Kf1 Rg6 29. Nc5 Rf5 30. Ke2 Rfg5 31. Rg1 e5 32. dxe5 Rxe5+ 33. Kd2 Rd6 34.
Kc2 Qg6+ 35. Kc1 Qe8 36. Kb1 Re2 37. Qh4 Qg6+ 38. Ka2 Qc2 39. Rab1 Qxc3 40.
Rge1 Qe3 41. Rxe2 Qxe2 42. Qxf4 Rd8 43. Qg5 c3+ 44. Ka1 cxb2+ 45. Rxb2 Qd1+ 46.
Rb1 Qd4+ 47. Rb2 Re8 48. Ne4 Bc4 49. Qd2 Bd3 50. Qf2 Qe5 51. Qe3 Bc4 52. Qc5
Qxc5 53. Nxc5 Re3 54. Kb1 Rxa3 55. Rd2 Re3 56. Rd1 Kf7 57. Rd7+ Kg6 58. Rd8
Re1+ 59. Kb2 Re2+ 60. Ka3 Rxg2 61. h4 Rg3 62. Rf8 Rh3 63. Rf4 Kh5 64. Rf5+ Kxh4
65. Ne4 Be2 66. Ng5 Bd3 67. Re5 Rg3 68. Ne6 Rxf3 69. Kb4 Rg3 70. Re1 g5 71.
Rh1+ Kg4 72. Rh6 Rg1 0-1

[Event "Naturns-Klausen"]
[Site "?"]
[Date "2016.01.09"]
[Round "5.6"]
[White "Prantner, Luis"]
[Black "Sigmund, Ingenuin"]
[Result "1-0"]
[WhiteElo "1633"]
[BlackElo "1729"]
[PlyCount "121"]
[EventDate "2016.??.??"]

1. e4 e6 2. d4 d5 3. exd5 exd5 4. Nf3 Bd6 5. Nc3 c6 6. h3 h6 7. Bd3 Nf6 8. O-O
O-O 9. Be3 Re8 10. Nd2 Nbd7 11. Qf3 Nf8 12. Rfe1 Be6 13. Nf1 N6h7 14. Bf4 Bxf4
15. Qxf4 Qb6 16. Na4 Qb4 17. b3 Ng5 18. c3 Qa5 19. Qd2 Qc7 20. Ng3 b6 21. Bf5
Bxf5 22. Nxf5 Ng6 23. Rxe8+ Rxe8 24. Re1 Rxe1+ 25. Qxe1 Qd7 26. Ng3 Nf4 27. Qe3
Ng6 28. Nb2 Qe6 29. Qxe6 Nxe6 30. Nd3 Nef4 31. Nb4 c5 32. dxc5 bxc5 33. Nc6 a6
34. Kf1 Kf8 35. Ne2 Ke8 36. h4 f6 37. b4 Nxe2 38. Kxe2 cxb4 39. Nxb4 Ne7 40.
Kd3 Kd7 41. a4 a5 42. Na2 Ng6 43. c4 Kd6 44. cxd5 Nf4+ 45. Ke4 Nxg2 46. h5 Nh4
47. Nc3 g5 48. Nb5+ Kd7 49. Nd4 Kd6 50. Nf5+ Nxf5 51. Kxf5 Kxd5 52. Kxf6 g4 53.
Kg6 Ke5 54. Kxh6 Kf6 55. Kh7 Kf7 56. h6 Kf8 57. Kg6 Kg8 58. Kg5 Kh7 59. Kxg4
Kxh6 60. Kf4 Kg6 61. Ke5 1-0

[Event "Merania-Groeden"]
[Site "?"]
[Date "2016.01.09"]
[Round "5.1"]
[White "Moroder, Stephan"]
[Black "Bonagura, Stefano"]
[Result "1/2-1/2"]
[WhiteElo "2164"]
[BlackElo "2249"]
[PlyCount "106"]
[EventDate "2015.??.??"]

1. e4 c6 2. d4 d5 3. exd5 cxd5 4. c4 Nf6 5. Nc3 e6 6. Nf3 Bb4 7. cxd5 Nxd5 8.
Qc2 Nc6 9. Bd3 Ba5 10. a3 Nxc3 11. bxc3 Nxd4 12. Nxd4 Qxd4 13. O-O Qxc3 14.
Qa4+ Ke7 15. Rd1 Bb6 16. Qh4+ f6 17. Bd2 Qe5 18. Kh1 a5 19. Rab1 Bc7 20. Rb5
Qd6 21. Bxh7 Qxh2+ 22. Qxh2 Bxh2 23. Kxh2 Rxh7+ 24. Kg3 Ra6 25. Bxa5 Rc6 26.
Bb4+ Kf7 27. Rc5 Rxc5 28. Bxc5 Rh5 29. Bb4 Rg5+ 30. Kh2 Rh5+ 31. Kg3 Rg5+ 32.
Kh2 e5 33. Rd8 Be6 34. f3 b5 35. Rf8+ Kg6 36. Rh8 e4 37. fxe4 Rg4 38. Rb8 Bc4
39. Re8 Bd3 40. e5 Re4 41. Rd8 Bc4 42. exf6 gxf6 43. Rd2 f5 44. Rd6+ Kh5 45.
Kg3 Bf1 46. Kf2 Rf4+ 47. Kg1 Bc4 48. g3 Re4 49. Kg2 Kg4 50. Rg6+ Kh5 51. Rd6
Re5 52. Bd2 Re6 53. Rxe6 Bxe6 1/2-1/2

[Event "Merania-Groeden"]
[Site "?"]
[Date "2016.01.09"]
[Round "5.2"]
[White "Boraso, Alessio"]
[Black "Demetz, Rainer"]
[Result "0-1"]
[WhiteElo "2208"]
[BlackElo "2183"]
[PlyCount "66"]
[EventDate "2015.??.??"]

1. e4 e5 2. Nf3 d6 3. d4 exd4 4. Nxd4 Nf6 5. Nc3 Be7 6. h3 O-O 7. g3 d5 8. e5
Ne4 9. Nxe4 dxe4 10. Bg2 Qd5 11. Nb3 Qxe5 12. Bf4 Qxb2 13. Bxe4 Bb4+ 14. Kf1
Qf6 15. Qh5 g6 16. Qh6 Re8 17. Bg5 Qa6+ 18. Bd3 Qc6 19. Kg1 b6 20. Nd2 Bb7 21.
Rh2 Nd7 22. Rb1 Bc3 23. Qh4 a6 24. Rd1 Qe6 25. Bc4 Qf5 26. Nf1 Ne5 27. Be2 Qxc2
28. f4 Qxe2 29. Rxe2 Nf3+ 30. Kf2 Nxh4 31. Rxe8+ Rxe8 32. Bxh4 c5 33. Rd6 Bd4+
0-1

[Event "Merania-Groeden"]
[Site "?"]
[Date "2016.01.09"]
[Round "5.3"]
[White "Bernardi, Ruben"]
[Black "Teutsch, Alexander"]
[Result "1-0"]
[WhiteElo "2080"]
[BlackElo "2035"]
[PlyCount "99"]
[EventDate "2015.??.??"]

1. e4 g6 2. d4 Bg7 3. Nc3 c6 4. f4 d5 5. e5 Nh6 6. Nf3 O-O 7. Be3 f6 8. h3 Na6
9. Bd3 Nb4 10. g4 Nxd3+ 11. Qxd3 fxe5 12. dxe5 e6 13. O-O-O b6 14. Ne4 Qe7 15.
Nd6 c5 16. Ng5 a5 17. Qb3 Ra6 18. Qb5 Qd7 19. a4 d4 20. Bd2 Nf7 21. Ngxf7 Rxf7
22. Nxf7 Qxf7 23. c3 Qb7 24. Qb3 Bd7 25. f5 Qc6 26. Qc4 Qxa4 27. Qxa6 Qa1+ 28.
Kc2 Ba4+ 29. Kd3 Qxb2 30. Qc8+ Bf8 31. Qxe6+ Kh8 32. Qf6+ Kg8 33. Qe6+ Kh8 34.
Rc1 Qb5+ 35. c4 Qb3+ 36. Bc3 dxc3 37. Rxc3 Qb2 38. Qf6+ Kg8 39. Qe6+ Kh8 40.
Qf6+ Kg8 41. fxg6 hxg6 42. Rf1 Bg7 43. Qxg6 b5 44. Rf5 Qb1+ 45. Ke3 Qe1+ 46.
Kf4 Qd2+ 47. Re3 Qf2+ 48. Rf3 Qd2+ 49. Kg3 Qe1+ 50. Rf2 1-0

[Event "Merania-Groeden"]
[Site "?"]
[Date "2016.01.09"]
[Round "5.4"]
[White "Della Sala, Bruno"]
[Black "Moroder, Thomas"]
[Result "1/2-1/2"]
[WhiteElo "2057"]
[BlackElo "1951"]
[PlyCount "150"]
[EventDate "2015.??.??"]

1. e4 c5 2. d4 cxd4 3. c3 dxc3 4. Nxc3 e6 5. Nf3 Nc6 6. Bc4 a6 7. O-O Nge7 8.
Bg5 f6 9. Be3 b5 10. Bb3 Ng6 11. Qe2 Bd6 12. Rfd1 Qe7 13. e5 Ngxe5 14. Ne4
Nxf3+ 15. Qxf3 Bb8 16. Bc5 Qf7 17. Re1 Bb7 18. Bd6 Nd8 19. Qf4 Qg6 20. Bxb8
Bxe4 21. Rxe4 Rxb8 22. Bc2 f5 23. Rxe6+ dxe6 24. Qxb8 O-O 25. Bb3 Qf6 26. Qd6
Qxb2 27. Re1 Qf6 28. Qxa6 Qc3 29. Rd1 Qe5 30. Qb6 Qe2 31. h3 Nf7 32. Qxe6 Qxe6
33. Bxe6 g6 34. Rd7 Kg7 35. Rb7 Kf6 36. Rb6 Ke7 37. Bxf7 Kxf7 38. Rxb5 Ra8 39.
Rb2 Ke6 40. Rd2 g5 41. Kf1 g4 42. hxg4 fxg4 43. Ke2 h5 44. g3 Ke5 45. Kd1 h4
46. gxh4 Rh8 47. Ke2 Rxh4 48. Rd3 Rh1 49. Rg3 Kf4 50. Ra3 Rb1 51. Ra4+ Ke5 52.
Rxg4 Rb2+ 53. Kf3 Rxa2 54. Re4+ Kf5 55. Re3 Ra6 56. Rb3 Ra4 57. Rb5+ Kf6 58.
Kg3 Rc4 59. f4 Rc6 60. Kg4 Re6 61. Rh5 Kf7 62. Kg5 Rg6+ 63. Kf5 Rf6+ 64. Ke4
Re6+ 65. Kd5 Ra6 66. Rh7+ Kg6 67. Rh8 Kg7 68. Re8 Kf7 69. Rb8 Ke7 70. f5 Kf7
71. Ke5 Rc6 72. Rb7+ Kf8 73. Kf4 Ra6 74. Kg5 Rc6 75. f6 Rc1 1/2-1/2

[Event "Merania-Groeden"]
[Site "?"]
[Date "2016.01.09"]
[Round "5.5"]
[White "Dejori, David"]
[Black "Tappeiner, Michael"]
[Result "0-1"]
[WhiteElo "1592"]
[BlackElo "1761"]
[PlyCount "122"]
[EventDate "2015.??.??"]

1. e4 c6 2. d4 d5 3. exd5 cxd5 4. Bd3 Nf6 5. c3 Nc6 6. Bf4 Bg4 7. Qc2 Bh5 8.
Nd2 Bg6 9. Ngf3 e6 10. O-O Bd6 11. Bxd6 Qxd6 12. Rae1 Rc8 13. Qb1 Nd7 14. Nh4
Ne7 15. Nxg6 hxg6 16. g3 Rh6 17. f4 Kd8 18. Nf3 Nf5 19. Bxf5 gxf5 20. Ne5 Nxe5
21. fxe5 Qe7 22. Qd1 Kc7 23. c4 dxc4 24. Qa4 Kb8 25. Rc1 Qc7 26. b3 c3 27. Rf3
c2 28. Qb4 a5 29. Qd2 Qd8 30. Rc3 Rxc3 31. Qxc3 Qd5 32. Rxc2 Rh8 33. Qc5 Rd8
34. Qxd5 Rxd5 35. Rd2 Kc7 36. Kf2 f6 37. exf6 gxf6 38. Ke3 Rd7 39. Kf4 Rg7 40.
d5 Rg4+ 41. Kf3 e5 42. d6+ Kd7 43. Rd5 b6 44. Rb5 Rb4 45. Rd5 a4 46. h4 axb3
47. axb3 Rxb3+ 48. Kg2 Rc3 49. Rd2 Rc8 50. Rf2 Kxd6 51. Rxf5 Ke6 52. Rf1 b5 53.
Rb1 Rb8 54. g4 b4 55. h5 b3 56. Kf3 b2 57. h6 Kf7 58. g5 fxg5 59. Kg4 Kg6 60.
h7 Rb4+ 61. Kf3 Kxh7 0-1

[Event "Merania-Groeden"]
[Site "?"]
[Date "2016.01.09"]
[Round "5.6"]
[White "Kaserer, Hanspeter"]
[Black "Kasslatter, Matthias"]
[Result "0-1"]
[WhiteElo "1674"]
[BlackElo "1362"]
[PlyCount "177"]
[EventDate "2015.??.??"]

1. d4 d5 2. c4 e6 3. Nc3 Nf6 4. Bg5 Be7 5. e3 O-O 6. Nf3 b6 7. Bd3 Bb7 8. O-O
Nbd7 9. cxd5 exd5 10. Qe2 Ne4 11. Bxe7 Qxe7 12. Ba6 Bxa6 13. Qxa6 Ndf6 14. Qb5
Rfd8 15. Rac1 Rac8 16. Ne5 Nxc3 17. Rxc3 c5 18. Rfc1 Ne4 19. R3c2 Nd6 20. Qb3
c4 21. Qa3 f6 22. Nf3 Qb7 23. Nd2 b5 24. b4 Re8 25. Qc3 f5 26. Nf3 Ne4 27. Qa1
a6 28. Ne5 Nd6 29. Qc3 Ne4 30. Qe1 Nd6 31. f3 Nf7 32. Nxf7 Qxf7 33. Rc3 Re6 34.
R1c2 Rce8 35. Re2 Qe7 36. Ra3 Rh6 37. e4 fxe4 38. Rae3 Re6 39. fxe4 Rxe4 40.
Rxe4 dxe4 41. Re3 Qe6 42. Qc3 Qd5 43. Re1 Re6 44. Re2 Rf6 45. Qe3 Re6 46. Re1
h6 47. Kh1 Kh7 48. Kg1 Kg6 49. h4 Kh7 50. Kh1 g6 51. Rf1 Kg7 52. Qf4 Re8 53.
Qf6+ Kh7 54. Kg1 Qe6 55. Qf4 e3 56. Qc7+ Re7 57. Qg3 e2 58. Re1 Qe3+ 59. Qf2
Qxf2+ 60. Kxf2 Re4 61. d5 Rd4 62. Rxe2 Rxd5 63. Re7+ Kg8 64. Re6 Rd2+ 65. Re2
Rxe2+ 66. Kxe2 Kf7 67. Ke3 Ke6 68. Kd4 Kd6 69. a4 bxa4 70. Kxc4 Kc6 71. g4 g5
72. hxg5 hxg5 73. Kd4 Kb5 74. Kc3 a5 75. bxa5 Kxa5 76. Kc4 a3 77. Kb3 Kb5 78.
Kxa3 Kc4 79. Kb2 Kd4 80. Kc2 Ke4 81. Kd2 Kf4 82. Ke2 Kxg4 83. Kf2 Kh3 84. Kg1
Kg3 85. Kh1 Kf2 86. Kh2 g4 87. Kh1 Kf3 88. Kg1 Kg3 89. Kf1 0-1

[Event "Naturns2-Taufers"]
[Site "?"]
[Date "2016.01.09"]
[Round "5.1"]
[White "Holzer, Philipp"]
[Black "Pichler, Christoph"]
[Result "1/2-1/2"]
[WhiteElo "1830"]
[BlackElo "1846"]
[PlyCount "30"]
[EventDate "2016.??.??"]

1. e4 e5 2. Nf3 Nc6 3. Bc4 Bc5 4. b4 Bxb4 5. c3 Bc5 6. d4 exd4 7. cxd4 Bb4+ 8.
Bd2 Bxd2+ 9. Qxd2 d6 10. Ng5 Nh6 11. f4 O-O 12. O-O Ne7 13. Nc3 c6 14. Bb3 d5
15. f5 f6 1/2-1/2